000 00368nam a2200145Ia 4500
008 240624s9999 xx 000 0 und d
041 _aeng
082 _a511.8 ZIM
100 _aZIMA PETR
245 _aSCHAUMS OUTLINES MATHEMATICS OF FINANCE
250 _a(2nd ed.)
260 _c2005
_aNew Delhi
_bTata McGrawhill
300 _avi, : 250p. ; 27cm.
365 _cRS
_b40
999 _c9004
_d9004